000 00459nam a22001337a 4500
003 SGT
020 _a9789381224083
082 _a200
_bB15K
100 _aकोठरी, गुलाब
245 _aब्रह्म विवर्त : क्या हैं सृष्टि के विस्तार
260 _bओझा वैदिक अध्ययन एवं शोध संस्थान
_c2015
300 _a310
942 _2ddc
_cBK
999 _c31705
_d31705